000 00510nam a2200193Ia 4500
008 131103s9999 xx 000 0 und d
020 _a330351052
040 _aLoreto College
041 _aEnglish
082 _a824.08/BRA
_bLCLIB/1708
245 2 _aA new World
_cedited by L. Brander
260 _aLondon
_bOxford University Pres
_c1953
300 _a219p.
_c 18 cm.
504 _aIncludes notes
650 _aEnglish essays
700 _aBrander, L.; ed.
850 _aLCLIB/824.08/BRA
942 _cBK
999 _c22712
_d73191